Social change / (Record no. 127986)

MARC details
000 -LEADER
fixed length control field 00703nam a22002417a 4500
005 - DATE AND TIME OF LATEST TRANSACTION
control field 20170124110033.0
010 ## - LIBRARY OF CONGRESS CONTROL NUMBER
LC control number A-117957
020 ## - INTERNATIONAL STANDARD BOOK NUMBER
Terms of availability 00.00
035 ## - SYSTEM CONTROL NUMBER
System control number A-117957
037 ## - SOURCE OF ACQUISITION
Source of stock number/acquisition Cen Lib/Ret
040 ## - CATALOGING SOURCE
Original cataloging agency DPL
Language of cataloging EN
082 ## - DEWEY DECIMAL CLASSIFICATION NUMBER
Classification number 301.24
Item number MOO
100 ## - MAIN ENTRY--PERSONAL NAME
Personal name Moore, Wilbert E
9 (RLIN) 22095
245 ## - TITLE STATEMENT
Title Social change /
Statement of responsibility, etc by Wilbert E. Moore
260 ## - PUBLICATION, DISTRIBUTION, ETC. (IMPRINT)
Place of publication, distribution, etc New Jersey
Name of publisher, distributor, etc Prentice-Hall
Date of publication, distribution, etc 1963
270 ## - ADDRESS
Address Englewood Cliff
City New Jersey
300 ## - PHYSICAL DESCRIPTION
Extent viii,120p.
Dimensions 23cm(Hb)
Other physical details ill.
490 ## - SERIES STATEMENT
Series statement Mordern sociology series
500 ## - GENERAL NOTE
General note Includes reference and index
650 ## - SUBJECT ADDED ENTRY--TOPICAL TERM
Topical term or geographic name as entry element Social change
9 (RLIN) 101832
650 ## - SUBJECT ADDED ENTRY--TOPICAL TERM
Topical term or geographic name as entry element Social change--Economic aspects
9 (RLIN) 22097
942 ## - ADDED ENTRY ELEMENTS (KOHA)
Source of classification or shelving scheme Dewey Decimal Classification
Koha item type English Books
Classification part 301.24
Call number suffix MOO
Holdings
Withdrawn status Lost status Damaged status Not for loan Home library Current library Date acquired Source of acquisition Cost, normal purchase price Total Checkouts Full call number Barcode Date last seen Copy number Cost, replacement price Price effective from Koha item type Public note
Written off       Central Library Central Library 01/07/2015 Cen Lib/Ret 0.00   301.24 MOO A-117957 01/07/2015 1 0.00 01/07/2015 English Books W/d list no. 6834/10

© Delhi Public Library
Hit Counter
free hit counter